Khidmat sokongan pembelajaran dalam sistem pendidikan jarak jauh

Bibliographic Details
Main Author: Rozhan Hj. Mohammed Idrus (Author)
Format: Book
Published: Kuala Lumpur : Pulau Pinang : Utusan Publications & Distributors ; Pusat Pengajian Pendidikan Jarak Jauh, Universiti Sains Malaysia , 1999
Series:Siri pendidikan jarak jauh
Subjects:

MARC

LEADER 00000cam a2200000 7i4500
001 0000036310
005 20140316093000.0
020 |a 9676110019 
050 0 0 |a LC5800   |b .R6 1999 
090 0 0 |a LC5800   |b .R6 1999 
100 0 |a Rozhan Hj. Mohammed Idrus ,   |e author 
245 0 0 |a Khidmat sokongan pembelajaran dalam sistem pendidikan jarak jauh   |c Rozhan Hj. Mohammed Idrus 
260 2 |a Kuala Lumpur :   |b Utusan Publications & Distributors ;   |a Pulau Pinang :   |b Pusat Pengajian Pendidikan Jarak Jauh, Universiti Sains Malaysia ,   |c 1999 
300 |a 103 p. ; ;   |c 26 cm. 
440 0 |a Siri pendidikan jarak jauh 
504 |a Includes bibliographical references (p. 101) and index 
650 0 |a Distance education 
999 |a 1000079342   |b Book   |c OPEN SHELF (30 DAYS)   |e Gong Badak Campus 
999 |a 1000160753   |b Book   |c OPEN SHELF (30 DAYS)   |e Gong Badak Campus